| 000 | 01489nam0a2200337 4500 | ||
|---|---|---|---|
| 001 | RU\NLR\bibl\794415 | ||
| 005 | 20260406044611.0 | ||
| 021 |
_aRU _b2004-77247 _93809 |
||
| 035 | _aRSL-KNO-002554744 | ||
| 035 | _a(NLR Aleph) 000783629 | ||
| 090 |
_a1077683 _c1077683 |
||
| 100 | _a20041210d2004 |||y0rusy50 ca | ||
| 101 | 0 | _arus | |
| 102 | _aRU | ||
| 105 | _ay ||||||||| | ||
| 106 | _ar | ||
| 200 | 1 |
_aВчера, сегодня, завтра нефрологии детского возраста _eактовая речь _fМ.С. Игнатова _gМ-во здравоохранения и социал. развития Рос. Федерации, Моск. НИИ педиатрии и дет. хирургии |
|
| 210 |
_aМ. _cМедпрактика-М _d2004 _gПИК ВИНИТИ |
||
| 215 |
_a13 с. _d21 |
||
| 606 | 1 |
_aНефрология детского возраста _91700671 _3RU\NLR\auth\66756998 |
|
| 610 | 0 | _aЗдравоохранение. Медицинские науки -- Педиатрия -- Болезни детей -- Нефрология детского возраста | |
| 686 |
_aР733.696.54,0 _2rubbk |
||
| 686 | _aР733.414 | ||
| 700 | 1 |
_4070 _8rus _7ca _aИгнатова _bМ. С. _f1929- _gМайя Сергеевна _3RU\NLR\AUTH\774430 _9114411 |
|
| 801 | 0 |
_aRU _bRuMoRKP _c20041210 _grcr |
|
| 801 | 1 |
_aRU _bRuMoRGB _c20041210 |
|
| 801 | 2 |
_aRU _bNLR _c20050503 _gPSBO |
|
| 942 | _cBOOK | ||
| 980 | _aNB | ||